[Event "II Duchamp Open 2018-U2200"]
[Site "Rio de Janeiro"]
[Date "2018.11.17"]
[Round "2"]
[White "Dos Santos, Rodrigo Mello"]
[Black "Sampaio, Andre Luiz"]
[Result "1-0"]
[WhiteElo "1965"]
[BlackElo "1700"]
[Annotator "NA"]
[PlyCount "119"]
[EventDate "2018.11.14"]
[EventType "swiss"]
[EventCountry "BRA"]
[SourceTitle "playchess.com"]
[Source "ChessBase"]
[SourceQuality "1"]
[TimeControl "5400+30"]

1. e4 {[%emt 0:31:50]} d6 {[%emt 0:29:56]} 2. d4 {[%emt 0:00:03]} Nf6 {[%emt 0:00:17]} 3. Nc3 {[%emt 0:00:05]} g6 {[%emt 0:00:09]} 4. Be3 {[%emt 0:00:13]} a6 {[%emt 0:01:21]} 5. Qd2 {[%emt 0:01:31]} Ng4 {[%emt 0:02:28]} 6. Bg5 {[%emt 0:00:15]} h6 {[%emt 0:01:24]} 7. Bh4 {[%emt 0:00:38]} Bg7 {[%emt 0:00:57]} 8. f3 {[%emt 0:01:15]} Nf6 {[%emt 0:00:17]} 9. Nge2 {[%emt 0:03:08]} c6 {[%emt 0:01:35]} 10. Bf2 {[%emt 0:03:32]} Nbd7 {[%emt 0:03:18]} 11. g4 {[%emt 0:02:17]} b5 {[%emt 0:03:14]} 12. h4 {[%emt 0:02:22]} Nb6 {[%emt 0:02:20]} 13. Ng3 {[%emt 0:04:35]} Qc7 {[%emt 0:04:27]} 14. Be2 {[%emt 0:03:43]} e5 {[%emt 0:05:10]} 15. dxe5 {[%emt 0:05:32]} dxe5 {[%emt 0:00:26]} 16. Bc5 {[%emt 0:06:10]} Nbd7 {[%emt 0:13:47]} 17. Be3 {[%emt 0:05:06]} Bb7 {[%emt 0:02:11]} 18. h5 {[%emt 0:07:38]} g5 {[%emt 0:03:00]} 19. Nf5 {[%emt 0:00:33]} Bf8 {[%emt 0:00:25]} 20. O-O-O {[%emt 0:01:36]} O-O-O {[%emt 0:03:46]} 21. Nd6+ {[%emt 0:01:01]} Bxd6 {[%emt 0:00:14]} 22. Qxd6 {[%emt 0:00:04]} Qxd6 {[%emt 0:04:20]} 23. Rxd6 {[%emt 0:00:05]} Ne8 {[%emt 0:00:37]} 24. Rd2 {[%emt 0:01:33]} Nc7 {[%emt 0:01:32]} 25. Rhd1 {[%emt 0:01:51]} Ne6 {[%emt 0:00:31]} 26. Bf1 {[%emt 0:01:36]} Kc7 {[%emt 0:00:27]} 27. Ne2 {[%emt 0:00:51]} Nb6 {[%emt 0:00:53]} 28. Ng3 {[%emt 0:01:11]} Rxd2 {[%emt 0:01:10]} 29. Rxd2 {[%emt 0:00:05]} c5 {[%emt 0:01:32]} 30. c3 {[%emt 0:01:41]} Bc8 {[%emt 0:02:50]} 31. Nf5 {[%emt 0:01:32]} Nf4 {[%emt 0:04:11]} 32. Bxc5 {[%emt 0:01:46]} Bxf5 {[%emt 0:00:40]} 33. exf5 {[%emt 0:00:16]} Re8 {[%emt 0:01:34]} 34. Bxb6+ {[%emt 0:01:13]} Kxb6 {[%emt 0:00:22]} 35. Rd6+ {[%emt 0:00:16]} Kb7 {[%emt 0:01:35]} 36. Rxh6 {[%emt 0:06:18]} e4 {[%emt 0:00:10]} 37. fxe4 {[%emt 0:00:19]} Rxe4 {[%emt 0:00:14]} 38. Kd2 {[%emt 0:00:19]} Re7 {[%emt 0:02:18]} 39. Rh8 {[%emt 0:01:31]} Rd7+ {[%emt 0:00:11]} 40. Kc2 {[%emt 0:00:08]} Re7 {[%emt 0:00:07]} 41. Rd8 {[%emt 0:02:27]} Re1 {[%emt 0:01:20]} 42. Rd1 {[%emt 0:00:20]} Re3 {[%emt 0:01:02]} 43. h6 {[%emt 0:00:59]} Re8 {[%emt 0:00:36]} 44. h7 {[%emt 0:00:07]} Rh8 {[%emt 0:00:15]} 45. Rd7+ {[%emt 0:00:08]} Kc6 {[%emt 0:01:20]} 46. Rxf7 {[%emt 0:00:08]} Kd6 {[%emt 0:00:38]} 47. a4 {[%emt 0:01:17]} bxa4 {[%emt 0:00:26]} 48. Bxa6 {[%emt 0:00:20]} Nd5 {[%emt 0:00:38]} 49. Kd2 {[%emt 0:00:53]} Kc5 {[%emt 0:00:23]} 50. Bd3 {[%emt 0:00:35]} Nf4 {[%emt 0:00:48]} 51. Kc2 {[%emt 0:01:39]} Rd8 {[%emt 0:00:52]} 52. Rd7 {[%emt 0:00:30]} Rxd7 {[%emt 0:00:39]} 53. h8=Q {[%emt 0:00:06]} Rxd3 {[%emt 0:00:16]} 54. Qc8+ {[%emt 0:00:22]} Kb6 {[%emt 0:00:18]} 55. Qb8+ {[%emt 0:00:13]} Kc5 {[%emt 0:00:34]} 56. Qxf4 {[%emt 0:00:18]} Rxc3+ {[%emt 0:00:59]} 57. Kxc3 {[%emt 0:00:24]} gxf4 {[%emt 0:00:13]} 58. Kd3 {[%emt 0:00:11]} Kd5 {[%emt 0:00:20]} 59. Ke2 {[%emt 0:00:12]} Ke4 {[%emt 0:01:12]} 60. f6 {[%emt 0:00:12]} 1-0

[Event "II Duchamp Open 2018-U2200"]
[Site "Rio de Janeiro"]
[Date "2018.11.17"]
[Round "2"]
[White "Bomfim, Carlos B Campos Roc"]
[Black "Rios Fo., Hilton Carlos Da Si"]
[Result "0-1"]
[WhiteElo "1920"]
[BlackElo "2138"]
[Annotator "NA"]
[PlyCount "62"]
[EventDate "2018.11.14"]
[EventType "swiss"]
[EventCountry "BRA"]
[SourceTitle "playchess.com"]
[Source "ChessBase"]
[SourceQuality "1"]
[TimeControl "5400+30"]

1. Nf3 {[%emt 0:29:33]} Nf6 {[%emt 0:30:25]} 2. c4 {[%emt 0:00:18]} g6 {[%emt 0:00:15]} 3. g3 {[%emt 0:00:33]} Bg7 {[%emt 0:00:07]} 4. Bg2 {[%emt 0:00:16]} O-O {[%emt 0:00:41]} 5. Nc3 {[%emt 0:00:29]} d5 {[%emt 0:00:07]} 6. cxd5 {[%emt 0:02:09]} Nxd5 {[%emt 0:00:02]} 7. O-O {[%emt 0:00:29]} e5 {[%emt 0:02:10]} 8. Qb3 {[%emt 0:03:38]} Ne7 {[%emt 0:00:16]} 9. d3 {[%emt 0:01:08]} Nbc6 {[%emt 0:00:02]} 10. Bg5 {[%emt 0:03:22]} h6 {[%emt 0:00:13]} 11. Bd2 {[%emt 0:04:18]} Rb8 {[%emt 0:00:27]} 12. Rac1 {[%emt 0:00:54]} Bg4 {[%emt 0:09:59]} 13. Qa4 {[%emt 0:05:09]} Nd4 {[%emt 0:11:32]} 14. Qxa7 {[%emt 0:05:03]} Bxf3 {[%emt 0:21:28]} 15. exf3 {[%emt 0:00:35]} b5 {[%emt 0:00:09]} 16. Rfe1 {[%emt 0:08:55]} Rb6 {[%emt 0:03:59]} 17. Ne4 {[%emt 0:03:21]} Nec6 {[%emt 0:01:03]} 18. Qa3 {[%emt 0:00:42]} Re8 {[%emt 0:00:13]} 19. b4 {[%emt 0:04:11]} Qa8 {[%emt 0:01:00]} 20. Qb2 {[%emt 0:03:17]} Ra6 {[%emt 0:00:23]} 21. Ra1 {[%emt 0:01:02]} Qd8 {[%emt 0:00:35]} 22. Nc5 {[%emt 0:00:42]} Ra7 {[%emt 0:00:08]} 23. f4 {[%emt 0:00:58]} exf4 {[%emt 0:00:37]} 24. Rxe8+ {[%emt 0:00:55]} Qxe8 {[%emt 0:00:02]} 25. Kh1 {[%emt 0:05:33]} f3 {[%emt 0:00:27]} 26. Bf1 {[%emt 0:06:37]} Ne2 {[%emt 0:00:12]} 27. Qb1 {[%emt 0:01:02]} Bxa1 {[%emt 0:00:03]} 28. Qxa1 {[%emt 0:00:22]} Qe5 {[%emt 0:00:02]} 29. Qb1 {[%emt 0:01:02]} Qd5 {[%emt 0:02:13]} 30. a3 {[%emt 0:03:08]} Rxa3 {[%emt 0:00:48]} 31. Ne4 {[%emt 0:00:10]} Qd4 {[%emt 0:01:03]} 0-1

[Event "II Duchamp Open 2018-U2200"]
[Site "Rio de Janeiro"]
[Date "2018.11.18"]
[Round "3"]
[White "Rocha, Vitor Firmo De Souz"]
[Black "Lopes Fo, Jorge Antonio Ferre"]
[Result "1-0"]
[WhiteElo "2174"]
[BlackElo "2126"]
[Annotator "TA"]
[PlyCount "21"]
[EventDate "2018.11.14"]
[EventType "swiss"]
[EventCountry "BRA"]
[SourceTitle "playchess.com"]
[Source "ChessBase"]
[SourceQuality "1"]

{[%evp 13,21,44,48,40,81,80,181,181,318,325]} 1. e4 g6 2. d4 Bg7 3. Nc3 c5 4. Nf3 Qa5 5. Be3 Nf6 6. Qd2 Nc6 7. dxc5 Ng4 8. Bc4 {[%cal Bf1c4,Bc4b3,Bb3f7][%mdl 32] B27: Sicilian: 2 Nf3, unusual Black 2nd moves} Qb4 9. Bb3 Bxc3 $146 (9... Nxe3 $16 {was necessary.} 10. Qxe3 (10. fxe3 Qxc5 11. O-O-O O-O $15) 10... b6) ({Predecessor:} 9... Nxe3 10. Qxe3 Nd4 11. O-O-O Nxb3+ 12. cxb3 Qa5 13. a3 O-O 14. b4 Qd8 15. Kb1 b6 {1-0 (42) Fernandez Romero,E (2469)-Ajrapetjan,Y (2423) Moscow 2005}) 10. bxc3 $18 ({Don't do} 10. Qxc3 $6 Qxc3+ 11. bxc3 Nxe3 $14) 10... Qxe4 {[#]} (10... Qa5 $142 11. Bd4 O-O) 11. Bxf7+ $1 {[%mdl 512]} 1-0

[Event "II Duchamp Open 2018-U2200"]
[Site "Rio de Janeiro"]
[Date "2018.11.18"]
[Round "3"]
[White "Rios Fo., Hilton Carlos Da Si"]
[Black "Lebredo Zaragoitia, Gerardo"]
[Result "0-1"]
[WhiteElo "2138"]
[BlackElo "2139"]
[Annotator "TA"]
[PlyCount "50"]
[EventDate "2018.11.14"]
[EventType "swiss"]
[EventCountry "BRA"]
[SourceTitle "playchess.com"]
[Source "ChessBase"]
[SourceQuality "1"]

{[%evp 14,50,0,22,54,67,58,22,31,33,39,9,29,29,33,23,32,36,24,14,26,-52,-58,-55,-16,-21,-16,-64,-37,-45,0,-30,-16,-30,-39,-147,-170,-760,-761]} 1. d4 Nf6 2. c4 e6 3. Nf3 Bb4+ 4. Nbd2 b6 5. g3 Ba6 6. Qc2 O-O 7. Bg2 d5 {E15: Queen's Indian: 4 g3 sidelines, 4 g3 Ba6 and 4 g3 Bb7 early deviations} 8. O-O {LiveBook: 47 Games} Bxd2 (8... c5 9. dxc5 Bxc5 10. cxd5 exd5 11. Nb3 Nbd7 12. Nxc5 bxc5 13. Rd1 d4 14. b4 Rc8 15. bxc5 Nxc5 16. Rxd4 Qb6 17. Qb2 Qxb2 18. Bxb2 Bxe2 {½-½ (139) Moiseenko,A (2711)-Efimenko,Z (2651) Kiev 2013}) 9. Nxd2 Nc6 {White is slightly better.} 10. Qa4 $146 ({Predecessor:} 10. e3 e5 11. dxe5 Nxe5 12. b3 Qe7 13. cxd5 Bxf1 14. Nxf1 Rfe8 15. Bb2 {½-½ (35) Roiz,M (2599)-Sulava,N (2497) Basel 2006}) 10... Bb7 11. Nf3 Ne4 12. Be3 Na5 13. cxd5 exd5 14. Ne5 f6 15. Nd3 Re8 16. Rfc1 Nc4 17. Rxc4 ({Better is} 17. Bf4 $11) 17... dxc4 $15 18. Qxc4+ Bd5 19. Qa4 c6 $36 {[%mdl 2048] Black has some pressure.} 20. Re1 b5 21. Qc2 Rc8 22. Rc1 Qe7 ({But not} 22... Bxa2 $2 23. b3 $18) 23. Nf4 g5 24. Nd3 (24. Nxd5 $15 cxd5 25. Qxc8 Rxc8 26. Rxc8+ Kg7 27. Ra8) 24... Nd6 $17 ({Worse is} 24... Bxa2 25. Bxe4 Qxe4 26. b3 $18) 25. Bh3 $2 {[#]} (25. Ne1) 25... Qe4 $1 {[%mdl 512] Precision: White = 29%, Black = 62%.} 0-1

[Event "II Duchamp Open 2018-U2200"]
[Site "Rio de Janeiro"]
[Date "2018.11.18"]
[Round "3"]
[White "Peixoto, Rudson Marinho"]
[Black "Nascimento, Pedro Henrique Alve"]
[Result "0-1"]
[WhiteElo "2007"]
[BlackElo "2007"]
[Annotator "NA RC"]
[PlyCount "82"]
[EventDate "2018.11.14"]
[EventType "swiss"]
[EventCountry "BRA"]
[SourceTitle "playchess.com"]
[Source "ChessBase"]
[SourceQuality "1"]
[TimeControl "5400+30"]

1. d4 {[%emt 0:34:38]} d5 {[%emt 0:35:32]} 2. c4 {[%emt 0:00:11]} e6 {[%emt 0:00:10]} 3. e3 {[%emt 0:00:07]} Nf6 {[%emt 0:00:44]} 4. Nf3 {[%emt 0:00:19]} Be7 {[%emt 0:01:36]} 5. Bd3 {[%emt 0:00:08]} O-O {[%emt 0:00:23]} 6. O-O {[%emt 0:00:21]} dxc4 {[%emt 0:01:35]} 7. Bxc4 {[%emt 0:00:10]} b6 {[%emt 0:00:08]} 8. Nc3 {[%emt 0:00:35]} Bb7 {[%emt 0:00:11]} 9. Re1 {[%emt 0:00:29]} c5 {[%emt 0:00:35]} 10. e4 {[%emt 0:04:08]} cxd4 {[%emt 0:01:06]} 11. Qxd4 {[%emt 0:02:21]} Nc6 {[%emt 0:00:24]} 12. Qxd8 {[%emt 0:00:21]} Rfxd8 {[%emt 0:00:21]} 13. Bg5 {[%emt 0:00:12]} h6 {[%emt 0:00:25]} 14. Bh4 {[%emt 0:00:13]} g5 {[%emt 0:00:58]} 15. Bg3 {[%emt 0:00:10]} Nh5 {[%emt 0:00:12]} 16. Rad1 {[%emt 0:00:55]} Nxg3 {[%emt 0:00:13]} 17. hxg3 {[%emt 0:00:10]} Bb4 {[%emt 0:01:02]} 18. g4 {[%emt 0:01:32]} Bxc3 {[%emt 0:01:53]} 19. bxc3 {[%emt 0:00:11]} Kf8 {[%emt 0:01:32]} 20. Nd4 {[%emt 0:00:31]} Ne5 {[%emt 0:01:18]} 21. Bb3 {[%emt 0:00:26]} Rac8 {[%emt 0:03:51]} 22. Bxe6 {[%emt 0:01:19]} Rxc3 {[%emt 0:02:03]} 23. Bf5 {[%emt 0:01:55]} Ke7 {[%emt 0:00:33]} 24. Nb5 {[%emt 0:00:41]} Rxd1 {[%emt 0:01:28]} 25. Rxd1 {[%emt 0:00:11]} Rc2 {[%emt 0:00:29]} 26. Nxa7 {[%emt 0:02:00]} Rxa2 {[%emt 0:00:21]} 27. Nc8+ {[%emt 0:00:52]} Bxc8 {[%emt 0:00:38]} 28. Bxc8 {[%emt 0:00:08]} Rb2 {[%emt 0:01:02]} 29. Rd5 {[%emt 0:00:43]} f6 {[%emt 0:00:25]} 30. f3 {[%emt 0:00:39]} b5 {[%emt 0:00:20]} 31. Ba6 {[%emt 0:00:55]} b4 {[%emt 0:00:24]} 32. Rb5 {[%emt 0:01:14]} Kd6 {[%emt 0:02:52]} 33. Bb7 {[%emt 0:00:33]} Kc7 {[%emt 0:03:04]} 34. Bd5 {[%emt 0:00:28]} Nd3 {[%emt 0:00:19]} 35. g3 {[%emt 0:04:11]} Ne5 {[%emt 0:00:25]} 36. f4 {[%emt 0:00:56]} gxf4 {[%emt 0:00:38]} 37. gxf4 {[%emt 0:00:15]} Nxg4 {[%emt 0:00:19]} 38. Rb7+ {[%emt 0:00:13]} Kd6 {[%emt 0:00:22]} 39. Rg7 {[%emt 0:01:26]} Rb1+ {[%emt 0:00:11]} 40. Kg2 {[%emt 0:00:52]} Ne3+ {[%emt 0:00:36]} 41. Kf3 {[%emt 0:00:22]} Nxd5 {[%emt 0:00:22]} 0-1

[Event "II Duchamp Open 2018-U2200"]
[Site "Rio de Janeiro"]
[Date "2018.11.18"]
[Round "3"]
[White "Morais, Wagner Soares De"]
[Black "Bomfim, Carlos B Campos Roc"]
[Result "1-0"]
[WhiteElo "1826"]
[BlackElo "1920"]
[Annotator "NA RC"]
[PlyCount "69"]
[EventDate "2018.11.14"]
[EventType "swiss"]
[EventCountry "BRA"]
[SourceTitle "playchess.com"]
[Source "ChessBase"]
[SourceQuality "1"]
[TimeControl "5400+30"]

1. d4 {[%emt 0:29:36]} Nf6 {[%emt 0:29:53]} 2. c4 {[%emt 0:03:55]} d6 {[%emt 0:00:35]} 3. f3 {[%emt 0:00:43]} g6 {[%emt 0:02:03]} 4. e4 {[%emt 0:01:24]} Bg7 {[%emt 0:01:44]} 5. Nc3 {[%emt 0:00:12]} O-O {[%emt 0:00:24]} 6. Be3 {[%emt 0:00:09]} Nbd7 {[%emt 0:01:45]} 7. Qd2 {[%emt 0:00:13]} e5 {[%emt 0:03:06]} 8. Nge2 {[%emt 0:00:18]} Nb6 {[%emt 0:01:51]} 9. Nc1 {[%emt 0:01:45]} c6 {[%emt 0:01:11]} 10. Nb3 {[%emt 0:00:17]} Be6 {[%emt 0:03:15]} 11. d5 {[%emt 0:01:36]} Bd7 {[%emt 0:01:54]} 12. c5 {[%emt 0:08:11]} cxd5 {[%emt 0:00:30]} 13. exd5 {[%emt 0:03:31]} dxc5 {[%emt 0:03:25]} 14. Nxc5 {[%emt 0:07:19]} Bf5 {[%emt 0:07:29]} 15. g4 {[%emt 0:02:36]} Bc8 {[%emt 0:03:38]} 16. d6 {[%emt 0:01:50]} Nbd7 {[%emt 0:03:37]} 17. N5e4 {[%emt 0:00:19]} a6 {[%emt 0:01:55]} 18. O-O-O {[%emt 0:00:26]} b5 {[%emt 0:00:29]} 19. Bd3 {[%emt 0:01:06]} Bb7 {[%emt 0:00:29]} 20. h4 {[%emt 0:03:19]} Rc8 {[%emt 0:00:31]} 21. Kb1 {[%emt 0:00:08]} Qa5 {[%emt 0:01:03]} 22. h5 {[%emt 0:00:42]} b4 {[%emt 0:01:04]} 23. Ne2 {[%emt 0:00:13]} Nd5 {[%emt 0:01:47]} 24. Bh6 {[%emt 0:00:41]} N5f6 {[%emt 0:06:45]} 25. Bxg7 {[%emt 0:00:30]} Kxg7 {[%emt 0:00:09]} 26. hxg6 {[%emt 0:00:09]} fxg6 {[%emt 0:00:21]} 27. Qh6+ {[%emt 0:00:47]} Kf7 {[%emt 0:03:48]} 28. Ng5+ {[%emt 0:00:12]} Ke8 {[%emt 0:00:15]} 29. Qg7 {[%emt 0:00:19]} Nd5 {[%emt 0:01:40]} 30. Rxh7 {[%emt 0:02:27]} Rf6 {[%emt 0:02:37]} 31. Rh8+ {[%emt 0:00:36]} Nf8 {[%emt 0:00:12]} 32. Bxg6+ {[%emt 0:00:55]} Kd8 {[%emt 0:01:13]} 33. Rxd5 {[%emt 0:01:18]} Rc5 {[%emt 0:00:39]} 34. Qxf6+ {[%emt 0:02:45]} Kd7 {[%emt 0:00:32]} 35. Rxc5 {[%emt 0:06:33]} 1-0

[Event "II Duchamp Open 2018-U2200"]
[Site "Rio de Janeiro"]
[Date "2018.11.18"]
[Round "3"]
[White "Sampaio, Andre Luiz"]
[Black "Pimentel, Rafael Favarin G."]
[Result "1/2-1/2"]
[WhiteElo "1700"]
[BlackElo "1886"]
[Annotator "NA RC"]
[PlyCount "28"]
[EventDate "2018.11.14"]
[EventType "swiss"]
[EventCountry "BRA"]
[SourceTitle "playchess.com"]
[Source "ChessBase"]
[SourceQuality "1"]
[TimeControl "5400+30"]

1. d4 {[%emt 0:29:47]} f5 {[%emt 0:29:31]} 2. Nf3 {[%emt 0:00:18]} Nf6 {[%emt 0:00:04]} 3. e3 {[%emt 0:00:14]} e6 {[%emt 0:00:05]} 4. Be2 {[%emt 0:00:13]} d5 {[%emt 0:00:06]} 5. O-O {[%emt 0:00:18]} Bd6 {[%emt 0:00:02]} 6. c4 {[%emt 0:00:22]} c6 {[%emt 0:00:04]} 7. Nc3 {[%emt 0:00:16]} O-O {[%emt 0:00:05]} 8. b3 {[%emt 0:00:23]} Bd7 {[%emt 0:00:18]} 9. Bb2 {[%emt 0:00:12]} Be8 {[%emt 0:00:17]} 10. Rc1 {[%emt 0:00:17]} Nbd7 {[%emt 0:00:07]} 11. Qc2 {[%emt 0:00:16]} Rc8 {[%emt 0:00:14]} 12. Rfd1 {[%emt 0:00:13]} Qe7 {[%emt 0:00:29]} 13. h3 {[%emt 0:00:22]} Bh5 {[%emt 0:00:14]} 14. c5 {[%emt 0:00:29]} Bb8 {[%emt 0:00:05]} 1/2-1/2

[Event "II Duchamp Open 2018-U2200"]
[Site "Rio de Janeiro"]
[Date "2018.11.19"]
[Round "4"]
[White "Lebredo Zaragoitia, Gerardo"]
[Black "Rocha, Vitor Firmo De Souz"]
[Result "1/2-1/2"]
[WhiteElo "2139"]
[BlackElo "2174"]
[Annotator "TA"]
[PlyCount "47"]
[EventDate "2018.11.14"]
[EventType "swiss"]
[EventCountry "BRA"]
[SourceTitle "playchess.com"]
[Source "ChessBase"]
[SourceQuality "1"]

{[%evp 23,47,-6,0,-15,-20,-18,-25,-22,-22,-22,-18,-23,0,-18,0,-18,-15,-40,-28,-50,-31,-55,-41,-45,0,-27]} 1. Nf3 Nf6 2. c4 e6 3. g3 d5 4. Bg2 dxc4 5. Qa4+ Nbd7 6. Qxc4 a6 7. b3 Be7 8. Bb2 b5 9. Qc2 Bb7 10. O-O c5 11. d3 O-O 12. Nbd2 Qb6 {LiveBook: 52 Games. A13: English Opening: 1...e6} (12... Rc8 13. Rac1 Qb6 14. Qb1 Rfe8 15. Qa1 Bd6 16. Rc2 e5 17. Rfc1 Rcd8 18. Ng5 Bxg2 19. Kxg2 Qb7+ 20. Kg1 Nd5 {0-1 (66) Can,E (2557)-Cheparinov,I (2685) Gjakova 2016}) 13. Ne5 Bxg2 14. Kxg2 Nxe5 15. Bxe5 Nd7 {[%cal Bf6d7,Bd7b6,Bb6d5][%mdl 32]} 16. Bb2 Rac8 $146 ({Predecessor:} 16... Bf6 17. Bxf6 Nxf6 18. Rfc1 Rac8 19. a4 h6 20. axb5 axb5 {½-½ (40) Komljenovic,D (2460)-Peric,S (2260) Suances 1997}) 17. Rac1 Qb7+ 18. Nf3 Nb6 19. Qc3 {[%csl Gb2][%cal Rc3g7] [#]} f6 20. Kg1 Rfd8 21. Ba1 Bf8 22. Qd2 Nd5 23. Rfd1 {[#]} a5 $1 {[%mdl 512]} 24. Qe1 {Precision: White = 15%, Black = 55%.} (24. Qxa5 b4) 1/2-1/2

[Event "II Duchamp Open 2018-U2200"]
[Site "Rio de Janeiro"]
[Date "2018.11.19"]
[Round "4"]
[White "Lopes Fo, Jorge Antonio Ferre"]
[Black "Morais, Wagner Soares De"]
[Result "1-0"]
[WhiteElo "2126"]
[BlackElo "1826"]
[Annotator "TA"]
[PlyCount "113"]
[EventDate "2018.11.14"]
[EventType "swiss"]
[EventCountry "BRA"]
[SourceTitle "playchess.com"]
[Source "ChessBase"]
[SourceQuality "1"]

{[%evp 14,113,43,30,89,52,58,43,40,32,30,46,43,22,105,80,88,91,80,80,81,76,125,143,151,109,160,163,157,139,159,154,195,193,199,177,169,50,147,0,170,170,193,156,163,119,148,127,314,311,328,55,103,60,78,67,284,272,383,376,378,358,331,202,511,507,500,473,578,566,898,900,885,846,868,788,1322,889,861,889,989,765,1263,874,1495,1425,1267,1137,3233,3172,2494,2811,2804,2789,2585,2593,29981,29982,29983,29984,29989,29990]} 1. d4 Nf6 2. c4 c5 3. d5 b5 4. cxb5 e6 5. Nc3 exd5 6. Nxd5 Bb7 7. Nxf6+ Qxf6 8. Nf3 (8. e4 {keeps more tension.} Bxe4 9. Qe2 Qe7 10. Bg5 f6 11. Bf4) 8... d5 {A57: Benko/Volga Gambit} (8... Be7 $11) 9. e3 (9. g3 Bd6 10. Bg2 Nd7 11. O-O O-O 12. Qc2 Rfe8 13. Rd1 h6 14. Nh4 Qe6 15. Nf5 Bf8 16. a4 a6 17. bxa6 Qxa6 18. Ne3 Nf6 19. Nxd5 Nxd5 20. Bxd5 Bxd5 21. Rxd5 Rxe2 {½-½ (34) Zontakh,A (2536)-Krivoshey,S (2471) Elets 2014}) 9... Bd6 10. Be2 O-O {White is slightly better.} 11. O-O Nd7 12. Rb1 Qg6 $146 ({Predecessor:} 12... Rfe8 13. b3 Rad8 14. Bb2 Qh6 15. g3 Nf6 16. Nh4 {0-1 (33) Bartos,J (2259)-Vaindl,J (2092) Czechia 2013}) 13. Bd2 f5 (13... d4 $11 {remains equal.}) 14. b4 c4 15. g3 Nf6 16. Nh4 Qe8 17. Nxf5 Bc7 18. Nd4 Ne4 19. Be1 Qg6 (19... a6 $142) 20. Bh5 $16 Qh6 21. Bg4 Rae8 22. a4 {[%cal Ba2a4,Ba4a5,Ba5a6][%mdl 32]} Bb8 23. a5 Kh8 24. Kg2 Qf6 25. Qf3 ({Better is} 25. f3 $18) 25... Qd6 ({Black should play} 25... Qe5 $14 26. Qd1 Nf6) 26. Qd1 Qf6 27. a6 Bc8 {[#]} 28. Bxc8 $1 Rxc8 29. Qg4 Rce8 30. Qd7 Rd8 $2 (30... Be5 $16 {is a better defense.}) 31. Qe6 $18 Rd6 32. Qg4 $2 (32. Qxf6 $18 Rdxf6 33. Nc6) 32... Bc7 33. Rd1 Bb6 34. f3 {Black must now prevent Qf4.} Ng5 $2 (34... Qf7 $14) 35. Bc3 Qg6 (35... Nf7 $142 36. Qf4 Ne5) 36. h4 Ne6 37. Qxg6 hxg6 38. Rfe1 {[#] And now Nxe6 would win.} Nd8 $2 (38... Nc7 {is more resistant.} 39. e4 dxe4) 39. e4 dxe4 40. Rxe4 Rdf6 41. f4 R6f7 42. Nc6 Kh7 43. Rd5 Kg8 44. Rxc4 Re8 45. Ne5 Rfe7 46. Rc8 Kh7 47. Kf3 Rf8 48. Kg4 Rfe8 49. Bd4 Bxd4 50. Rxd4 Ne6 51. Rxe8 Rxe8 {[%mdl 4096] Endgame KRN-KRN} 52. Rd7 Rb8 53. Rb7 Ra8 54. Nc6 Kh6 55. Rxa7 {White mates.} Re8 56. Rb7 Nf8 57. a7 {Accuracy: White = 61%, Black = 30%.} 1-0

[Event "II Duchamp Open 2018-U2200"]
[Site "Rio de Janeiro"]
[Date "2018.11.19"]
[Round "4"]
[White "Dos Santos, Vitor Eduardo Mello"]
[Black "Rios Fo., Hilton Carlos Da Si"]
[Result "1-0"]
[WhiteElo "2054"]
[BlackElo "2138"]
[Annotator "TA"]
[PlyCount "77"]
[EventDate "2018.11.14"]
[EventType "swiss"]
[EventCountry "BRA"]
[SourceTitle "playchess.com"]
[Source "ChessBase"]
[SourceQuality "1"]

{[%evp 11,77,39,37,1,50,1,1,1,3,6,4,0,0,0,7,-9,0,0,0,0,0,0,0,-31,0,-34,-33,-23,-39,-14,-20,-53,0,-10,97,95,83,44,97,95,95,97,100,95,91,95,162,164,224,152,179,0,152,144,206,216,262,181,214,221,829,816,785,752,671,682,5758,5732]} 1. e4 c5 2. Nf3 d6 3. Bb5+ Nd7 4. O-O Ngf6 5. Re1 e6 6. d4 {B51: Sicilian: Moscow Variation (3 Bb5+) without 3...Bd7} (6. c3 a6 7. Bd3 Be7 8. Bc2 Ne5 9. d4 Nxf3+ 10. Qxf3 O-O 11. dxc5 dxc5 12. Bf4 Bd7 13. Na3 b5 14. Rad1 Qc8 {½-½ (64) Henriquez Villagra,C (2517)-Amonatov,F (2620) Doha 2016}) 6... cxd4 {LiveBook: 4 Games} 7. Qxd4 Qc7 8. c4 {White is slightly better.} Be7 9. Nc3 O-O 10. Bxd7 Bxd7 11. a4 $146 ({Predecessor:} 11. h3 a6 12. a4 Rfd8 13. Be3 Rac8 {0-1 (47) Gomes,M (2290)-Tran,T (2512) Kolkata 2018}) 11... Rfd8 12. b3 Be8 13. Bb2 a6 14. Rac1 Bf8 15. Qe3 Nd7 16. Ne2 Rac8 17. Ng3 Qb8 18. Qg5 {And now Bxg7! would win.} f6 19. Qg4 Bf7 20. Nd4 Ne5 21. Qe2 Ng6 ({Black should play} 21... d5 $15 22. cxd5 exd5) 22. h4 {[%cal Bh2h4,Bh4h5][%mdl 32]} d5 (22... Nf4 $11 {remains equal.} 23. Qd2 e5) 23. exd5 $16 exd5 {White must now prevent ...Re8.} 24. h5 $1 $36 {[%cal Rh5g6][%mdl 2048] White is more active.} Re8 (24... Nf4 $14 25. Qg4 Nd3 {[%mdl 64] Double Attack}) 25. hxg6 Rxe2 26. gxf7+ Kxf7 27. Rxe2 dxc4 28. bxc4 Bc5 (28... Qd6 $16) 29. Ne4 $18 Bf8 (29... Qc7 {keeps fighting.} 30. Ne6 Kxe6) 30. Nf5 Qf4 31. Nd4 $2 (31. Nfd6+ $1 $18 Bxd6 32. g3 Qxc1+ 33. Bxc1) 31... Rd8 $2 {[#]} (31... Qb8 $1 $11) 32. Re3 $1 $16 Re8 {[#]} (32... Bd6 $16) 33. Rce1 $1 $18 Rc8 34. g3 Qg4 35. c5 Bxc5 $2 (35... Rd8 36. f3 Qd7) 36. Nxc5 {White is clearly winning.} Rxc5 37. Re7+ Kg6 38. Ne6 {[%mdl 64] Double Attack} Rc8 39. Rxg7+ {Accuracy: White = 69%, Black = 43%.} 1-0